Борис Иванович Шаманов

التفاصيل البيبلوغرافية
المؤلف الرئيسي: Волкогонов С. А. Сергей Андреевич
اللغة:الروسية
منشور في: Ленинград, Художник РСФСР, 1991
الموضوعات:
التنسيق: MixedMaterials كتاب
KOHA link:https://koha.lib.tpu.ru/cgi-bin/koha/opac-detail.pl?biblionumber=156328

MARC

LEADER 00000nam0a2200000 4500
001 156328
005 20231031153024.0
010 |a 5737002098 
020 |a RU  |b 92-5881 
035 |a (RuTPU)RU\TPU\book\169567 
090 |a 156328 
100 |a 20090325d1991 m a0rusy5003 ca 
101 0 |a rus 
102 |a RU 
105 |a a z 001zy 
200 1 |a Борис Иванович Шаманов  |f С. А. Волкогонов 
210 |a Ленинград  |c Художник РСФСР  |d 1991 
215 |a 136 с.  |c цв. ил. 
320 |a Библиогр.: с. 134. 
610 1 |a альбомы 
610 1 |a изобразительное искусство 
610 1 |a живопись 
610 1 |a советская живопись 
675 |a 75.071(092)Шаманов  |v 3 
700 1 |a Волкогонов  |b С. А.  |g Сергей Андреевич 
801 0 |a RU  |b RuMRKP  |c 19950417  |g psbo 
801 1 |a RU  |b 63413507  |c 20090325  |g PSBO 
801 2 |a RU  |b 63413507  |c 20090723  |g PSBO 
942 |c BK